Coronica general de España / (Record no. 160872)

MARC details
000 -LEADER
campo de control de longitud fija 00894nam a2200217 i 4500
001 - NÚMERO DE CONTROL
campo de control 160872
003 - IDENTIFICADOR DE NÚMERO DE CONTROL
campo de control ES-MaACL
005 - FECHA Y HORA DE LA ÚLTIMA TRANSACCIÓN
campo de control 20230906212138.0
008 - DATOS DE LONGITUD FIJA--INFORMACIÓN GENERAL
campo de control de longitud fija 931025s1791 sp a |||| | spa d
100 1# - ENTRADA PRINCIPAL--NOMBRE DE PERSONA
Nombre de persona Ocampo, Florian de.
9 (RLIN) 130588
245 10 - MENCIÓN DEL TÍTULO
Título Coronica general de España /
Mención de responsabilidad, etc. que recopilaba el maestro Florian de Ocampo... ; tomo II.
260 ## - PUBLICACIÓN, DISTRIBUCIÓN, ETC.
Lugar de publicación, distribución, etc. En Madrid :
Nombre del editor, distribuidor, etc. en la Oficina de don Benito Cano :
-- se hallará en la libreria de Quiroga...,
Fecha de publicación, distribución, etc. 1791.
300 ## - DESCRIPCIÓN FÍSICA
Extensión [2], 632 p. ;
Dimensiones 4º (22 cm)
500 ## - NOTA GENERAL
Nota general Obra continuada por Ambrosio de Morales.
510 ## - NOTA DE CITAS O REFERENCIAS BIBLIOGRÁFICAS
Nombre de la fuente PALAU, 198386
597 ## - NOTA DE DESCRIPCIÓN FÍSICA
NOTA DE DESCRIPCIÓN FÍSICA Sign.: [ ]1, A-Z4, 2A-2Z4, 3A-3Z4, 4A-4K4.
597 ## - NOTA DE DESCRIPCIÓN FÍSICA
NOTA DE DESCRIPCIÓN FÍSICA Port. con orla xil.
599 ## - NOTA A LAS ILUSTRACIONES
NOTA A LAS ILUSTRACIONES Grab. xil.: "Jf. Ximeno la inv. y grab." en p. 1.
651 #4 - PUNTO DE ACCESO ADICIONAL DE MATERIA--NOMBRE GEOGRÁFICO
Nombre geográfico España-
Subdivisión general Historia-
Subdivisión cronológica ...-0218, Época prerromana.
9 (RLIN) 8210
852 ## - LOCALIZACIÓN
Ubicación ES-MaACL
Número de control de estantería R-314-23
Nota libre -- Enc. pasta española
Encuadernación Olim: B-222-31
Holdings
Estatus retirado Estado de pérdida Estado de daño No para préstamo Colección Biblioteca de origen Biblioteca actual Ubicación en estantería Fecha de adquisición Total de préstamos Signatura topográfica completa Código de barras Visto por última vez Precio de reemplazo Tipo de ítem Koha
        Libros del s. XVIII Biblioteca del Ateneo de Madrid Biblioteca del Ateneo de Madrid Depósito 17/01/2008   R-314-23 1168471 23/02/2023 23/02/2023 Libro impreso antiguo